00409nam a2200121 i 4500001000300000100002300003245008500026260002100111040000800132041000800140008004100148856009800189bg1 aMATWIN, Stanisław 0aTransformacje optymalizujące działające na programach /cStanisław Matwin. aWarszawa,c1977. cBPK apol s pl f |000 0 pol  uhttp://koha.tu.koszalin.pl/cgi-bin/koha/opac-detail.pl?biblionumber=17671yKatalog online BPK